A magyar felszólító mód tanítása külföldieknek

This paper provides an overview of the difficulties arising from the morphological and functional complexity of the Hungarian imperartive and suggests various functional categories that can be used in the classroom. The moiphology of the Hungarian imperative is described only briefly, as the main pu...

Teljes leírás

Elmentve itt :
Bibliográfiai részletek
Szerző: Durst Péter
Dokumentumtípus: Cikk
Megjelent: 2006
Sorozat:Nyelvtudomány 2
Kulcsszavak:Magyar nyelv tanítása, Nyelvtudomány
Tárgyszavak:
Online Access:http://acta.bibl.u-szeged.hu/1159
LEADER 01419nab a2200229 i 4500
001 acta1159
005 20250515085322.0
008 161015s2006 hu o 000 hun d
022 |a 1786-7428 
040 |a SZTE Egyetemi Kiadványok Repozitórium  |b hun 
041 |a hun 
041 |a eng 
100 1 |a Durst Péter 
245 1 2 |a A magyar felszólító mód tanítása külföldieknek  |h [elektronikus dokumentum] /  |c  Durst Péter 
260 |c 2006 
300 |a 55-65 
490 0 |a Nyelvtudomány  |v 2 
520 3 |a This paper provides an overview of the difficulties arising from the morphological and functional complexity of the Hungarian imperartive and suggests various functional categories that can be used in the classroom. The moiphology of the Hungarian imperative is described only briefly, as the main purpose of the paper is to establish new functional categories. These new categories are based on those found in currently used grammars as well as on the experience gathered during the teaching of Hungarian as a foreign language. A brief analysis of the coursebooks which teach Hungarian as a foreign language is also included, summarising how these teaching materials teach the imperative. 
650 4 |a Bölcsészettudományok 
650 4 |a Nyelvek és irodalom 
695 |a Magyar nyelv tanítása, Nyelvtudomány 
856 4 0 |u http://acta.bibl.u-szeged.hu/1159/1/nyelvtudomany_43_055-065.pdf  |z Dokumentum-elérés